000
00282nam a2200109Ia 4500
001
1259624
005
20260417140315.0
008
260417s9999 xx 000 0 und d
020
_a
9789752895898
245
0
_a
Kırık Deniz Kabukları
_c
Selim İleri
260
_b
Everest Yayınları
999
_c
1259624
_d
1259624